000 00443nab a2200145Ia 4500
003 ES-SlBCS
005 20210601125256.0
008 140529s1992 xxu||||| |||| 00| 0 eng d
041 _aeng
100 1 _aSiegel, Harvey
_9139280
245 0 0 _aJustification by Balance
_c Harvey Siegel
600 1 4 _aGoodman, Nelson
_d, 1906-1998
_9138054
773 0 _tPhilosophy and Phenomenological Research
_gvol. 52, 1992, págs. 27-46
_wRev1411
942 _cAR
999 _c527662
_d527662